000 01863cad a22002655a 4500
001 L145716
008 081103e20081103xxk f f000 0 eng d
035 _a(Sirsi) u145716
041 0 _aeng
050 0 4 _a333.72 $2 18
110 2 _aUnited Kingdom
_bParliament
_bHouse of Commons
_bEnvironmental Audit Committee
_95638
245 0 0 _aGreener homes for the future? An environmental analysis of the government's house-building plans
_btwelfth report of session 2007-08
_h[electronic resource]
260 _aLondon
_bHouse of Commons
_c2008
490 0 _aHouse of Commons Paper
_vHC 566, 2007-2008
505 2 _aThe target for three million new homes by 2020: rationale for the three million new homes figure; the impact of the housing market downturn; environmental impact of the national targets -- Zero carbon homes -- Code for Sustainable Homes and Building Regulations: the Code for Sustainable Homes; sustainable housing, costs and consumer demand; monitoring and enforcement -- Where should new homes be built?; greenfield versus brownfield development; green belt reviews -- Eco-towns -- Sustainable infrastructure for new developments -- Conclusions -- Conclusions and recommendations
520 _aEnvironmental Audit Committee paper looks at government proposals to build three million new homes by 2020, focussing on the impact of the growth of house-building targets, what sorts of homes should be built and where these should be built.
521 _aAdvanced
590 _aKA NTK
650 2 4 _aECO-TOWNS
651 4 _aEngland and Wales
_y1543-
690 _aENVIRONMENTAL AND LAND CONSULTANCY-PLANNING AND DEVELOPMENT-STRATEGIC PLANNING
690 _aPROPERTY-RESIDENTIAL PROPERTY
856 4 0 _uhttps://www.publications.parliament.uk/pa/cm/cmenvaud.htm
_zView the item free of charge online at www.publications.parliament.uk...
942 _n0
999 _c108879
_d108879